2024/2025 Premier League Goalscorers: Gameweek 21 - Statistics

General Stats
  • This quiz has been taken 34 times
  • The average score is 25 of 30
Answer Stats
Fixture Club Score Goalscorer % Correct
Newcastle v Wolves Newcastle 1-0 Alexander Isak
96%
Newcastle v Wolves Newcastle 2-0 Alexander Isak
96%
Nottingham Forest v Liverpool Nottingham Forest 1-0 Chris Wood
96%
Brentford v Manchester City Manchester City 1-0 Phil Foden
96%
Brentford v Manchester City Manchester City 2-0 Phil Foden
96%
Newcastle v Wolves Newcastle 3-0 Anthony Gordon
93%
Chelsea v Bournemouth Chelsea 1-0 Cole Palmer
93%
Everton v Aston Villa Aston Villa 1-0 Ollie Watkins
93%
Brentford v Manchester City Brentford 2-1 Yoane Wissa
93%
Southampton v Manchester United Manchester United 1-1 Amad Diallo
89%
Southampton v Manchester United Manchester United 2-1 Amad Diallo
89%
Southampton v Manchester United Manchester United 3-1 Amad Diallo
89%
Arsenal v Tottenham Tottenham 1-0 Son Heung-min
89%
Nottingham Forest v Liverpool Liverpool 1-1 Diogo Jota
86%
Leicester v Crystal Palace Crystal Palace 1-0 Jean-Philippe Mateta
86%
West Ham v Fulham West Ham 2-0 Tomas Soucek
86%
Chelsea v Bournemouth Bournemouth 2-1 Antoine Semenyo
82%
Chelsea v Bournemouth Bournemouth 1-1 Justin Kluivert
82%
Ipswich v Brighton Brighton 1-0 Kaoru Mitoma
82%
Arsenal v Tottenham Arsenal 2-1 Leandro Trossard
82%
Southampton v Manchester United Manchester United (OG) 1-0 Manuel Ugarte
82%
West Ham v Fulham Fulham 2-1 Alex Iwobi
79%
West Ham v Fulham Fulham 3-2 Alex Iwobi
79%
Brentford v Manchester City Brentford 2-2 Christan Norgaard
79%
Arsenal v Tottenham Tottenham (OG) 1-1 Dominic Solanke
79%
West Ham v Fulham West Ham 3-1 Lucas Paqueta
79%
Ipswich v Brighton Brighton 2-0 Georginio Rutter
75%
Chelsea v Bournemouth Chelsea 2-2 Reece James
68%
West Ham v Fulham West Ham 1-0 Carlos Soler
64%
Leicester v Crystal Palace Crystal Palace 2-0 Marc Guehi
64%
No matching quizzes found
Score Distribution
Percent of People with Each Score
Percentile by Number Answered
Your Score History
You have not taken this quiz